| 000 | 00000nas 2200000zi 4500 |
| 001 | 9.931879 |
| 003 | CaOODSP |
| 005 | 20240103142238 |
| 006 | m o d f |
| 007 | cr ||||||||||| |
| 008 | 231229d19581958oncar p o f0###a0fre|d |
| 040 | |aCaOODSP|bfre|erda|cCaOODSP |
| 043 | |an-cn--- |
| 086 | 1 |aW91F-PDF |
| 110 | 1 |aCanada. |bCommission du district fédéral, |eauteur, |eorganisme de publication. |
| 245 | 10|aRapport annuel ... / |cCommission du district fédéral. |
| 264 | 1|aOttawa : |bCommission du district fédéral, |c1958. |
| 310 | |aAnnuel |
| 336 | |atexte|btxt|2rdacontent/fre |
| 337 | |ainformatique|bc|2rdamedia/fre |
| 338 | |aressource en ligne|bcr|2rdacarrier/fre |
| 362 | 1 |aParaît depuis : 1958; ne paraît plus après : 1958. |
| 500 | |aÉdition numérosée de l'imprimée [Commission de la Capitale nationale]. |
| 500 | |aTitre pris sur la couverture. |
| 500 | |aPublié aussi en anglais sous le titre : Annual report. |
| 515 | |aL'année d'activité se termine le 31 mars. |
| 588 | |aDescription d'après : 1958. |
| 588 | |aDernière livraison consultée : 1958. |
| 610 | 16|aCanada. |bCommission du district fédéral |vPériodiques. |
| 650 | 6|aUrbanisme|zCapitale nationale, Région de la (Ont. et Québec)|vPériodiques. |
| 651 | 6|aCapitale nationale, Région de la (Ont. et Québec) |
| 655 | 7|aPériodiques|2rvmgf |
| 775 | 08|tAnnual report / |w(CaOODSP)9.931876 |
| 785 | 00|t... annual report / |w(CaOODSP)9.931865 |